LEADER 01262nam a2200277 u 4500 001 000000048782 003 CaOOAMICUS 005 20070226115034.0 008 000531s1945 it u000 u ita u 035 $a10848895 040 $aPUL$bita 100 1 $aDe Sanctis, Renzo E.$0(OLS)http://pul/name/35384 245 10$aDifesa dell'uomo /$cRenzo De Sanctis ; prefazione di Giorgio La Pira. 260 $aRoma :$bStudium,$c[1945] 300 $a143 p. ;$c23 cm 490 1 $aCollezione dell'orsa ;$v7 830 0$aCollezione dell'orsa ;$v7.$0(OLS)http://pul/title/15944 850 $aPUL 852 $aPUL$W1$xDP1 Fondo Maccarrone$y58$m1513 C 9$j64924$nBK-PRI$b $qFondi$B64924$CPULBib$Z2$F64924 $H $81 852 $aPUL$W1$xDP1 Fondo Maccarrone$y58$m1513 C 38$j64925$nBK-PRI$b $qFondi$B64925$CPULBib$Z2$F64925 $H $81 852 $aPUL$W1$xDP1 Fondo Cecchetti$y53$m268 F 62$j64926$nBK-PRI$b $qFondi$B64926$CPULBib$Z2$F64926 $HPUL3134 $81 941 1 $a1 961 $aINV: Fondo Maccarrone. 961 $aINV: 2962. Fondo Maccarrone. 996 $6245$aDifesa dell'uomo$9(OLS)http://pul/title/65743 996 $6260$aRoma :$bStudium$9(OLS)http://pul/publisher/47892 LEADER 01436nam a2200325 a 4500 001 000000172286 003 CaOOAMICUS 005 20190711153321.0 008 190711s2019 vc 000 u ita r 020 $a978-88-465-1255-0* 032 $aLibriCat 040 $aPUL$bita 082 04$a230 100 1 $aPanizzoli, Alessandro.$0(OLS)http://pul/name/110587 245 10$aPsicologia della religione : $blineamenti, problematiche, prospettive essenziali /$cAlessandro Panizzoli. 260 $aCittą del Vaticano :$bLateran University Press,$c©2019. 300 $a229 p. ;$c25 cm. 490 1 $aEcclesia Mater.$aManuali ;$v13 504 $aBibliografia in nota e alle p. 215-224. 650 4$aPsicologia religiosa.$0(OLS)http://pul/subject/7729 830 0$aEcclesia Mater.$pManuali ;$v13.$0(OLS)http://pul/title/177997 850 $aPUL 852 $aPUL$W1$xSL Religione 3$y85$m230 COLL 10.13$j196225$qDDC 21$B200977$CPULBib$Z2$F200977 $H133189 $82 941 1 $a9 960 $aPsicologia della religione$97729 996 $6020$a978-88-465-1255-0*$9(OLS)http://pul/number/166397 996 $6082$a230$9(OLS)http://pul/classification/368 996 $6245$aPsicologia della religione : $blineamenti, problematiche, prospettive essenziali$9(OLS)http://pul/title/213206 996 $6260$aCittą del Vaticano :$bLateran University Press$9(OLS)http://pul/publisher/74585